Popular CFB Rivals - Statistics

General Stats
  • This quiz has been taken 133 times
  • The average score is 7 of 20
Answer Stats
Hint Answer % Correct
The Game Michigan vs Ohio State
91%
Red River Rivalry Texas vs Oklahoma
90%
Iron Bowl Auburn vs Alabama
88%
Deep South's Oldest Rivalry Georgia vs Auburn
53%
Illibuck Illinois vs Ohio State
53%
Holy War BYU vs Utah
44%
Magnolia Bowl LSU vs Ole Miss
40%
Palmetto Bowl Clemson vs South Carolina
38%
Clean, Old Fashioned Hate Georgia vs Georgia Tech
37%
Apple Cup Washington vs Washington State
34%
Sunflower Showdown Kansas vs Kansas State
28%
Commander-In-Chiefs Trophy Army vs Navy vs Air Force
21%
South's Oldest Rivalry North Carolina vs Virginia
16%
The (Other) Game Yale vs Harvard
16%
Battle for Highway 82 Alabama vs Mississippi State
8%
Capital Cup Richmond vs William and Mary
8%
Border War Colorado State vs Wyoming
5%
Rio Grande Rivalry New Mexico vs New Mexico State
5%
Battle of the Brazos Texas A&M vs Baylor
5%
Battle of the Brothers Utah vs Utah State
3%
No matching quizzes found
Score Distribution
Percent of People with Each Score
Percentile by Number Answered
Your Score History
You have not taken this quiz